00686nam a2200169 i 4500001000700000003000900007005001700016007000300033008004100036100003000077245022500107260006000332300002700392651004300419700003300462852002100495137435ES-MaACL20230906195354.0t|070214s1919 sp r ||||1| spa d1 aSánchez Alonso, Benito.10aFuentes de la historia de España b: ensayo de bibliografía sistemática de monografías impresas que ilustran la historia política nacional de España / cBenito Sánchez Alonso ; prólogo de Rafael Altamira. aMadrid : b[s.n.], c1919 (fImp. Clásica española) aXXI, 448 p. ; c25 cm. 4aEspaña-xHistoria-vBibliografías.1 aAltamira, Rafael,d1866-1951 aES-MaACLjB-4959